[Event "2. Bundesliga West 2016/17"]
[Site "Maeder"]
[Date "2016.11.26"]
[Round "5"]
[Board "3"]
[White "Mittelberger, Peter"]
[Black "Riediger, Martin"]
[Result "1/2-1/2"]
[WhiteElo "2143"]
[BlackElo "2288"]
[PlyCount "97"]
[EventDate "2016.10.28"]
[EventType "team"]
[EventRounds "11"]
[EventCountry "AUT"]
[WhiteTeam "Goetzis 2"]
[BlackTeam "Ranshofen"]

1. e4 e5 2. Nf3 Nc6 3. d4 exd4 4. Nxd4 Bc5 5. Nb3 Bb6 6. Bd3 Nf6 7. Nc3 Ne5 8.
Bf4 Ng6 9. Bg3 d6 10. Na4 Qe7 11. O-O Bg4 12. Qd2 Nh5 13. Nxb6 axb6 14. Bb5+
Bd7 15. Bxd7+ Qxd7 16. Qg5 Nxg3 17. Qxg3 O-O 18. a3 Ra4 19. f3 f5 20. Rae1 fxe4
21. Rxe4 Rxe4 22. fxe4 Re8 23. Nd2 Ne5 24. Qc3 g6 25. h3 Kg7 26. b3 Qc6 27.
Qxc6 bxc6 28. a4 c5 29. Rf2 c4 30. Kf1 Re7 31. Re2 Kf6 32. Kf2 Ke6 33. Ke3 Rf7
34. Kd4 cxb3 35. cxb3 Rf8 36. Ke3 d5 37. exd5+ Kxd5 38. Nb1 c6 39. Ra2 Rf1 40.
Nc3+ Kc5 41. a5 bxa5 42. Rxa5+ Kd6 43. Ne4+ Ke6 44. Ng5+ Kd6 45. Ne4+ Ke6 46.
Ng5+ Kd6 47. Ne4+ Ke6 48. Ng5+ Kd6 49. Ne4+ 1/2-1/2

[Event "2. Bundesliga West 2016/17"]
[Site "Maeder"]
[Date "2016.11.26"]
[Round "5"]
[Board "4"]
[White "Ager, Josef"]
[Black "Jussupow, Nadia"]
[Result "1-0"]
[WhiteElo "2144"]
[BlackElo "2174"]
[PlyCount "77"]
[EventDate "2016.10.28"]
[EventType "team"]
[EventRounds "11"]
[EventCountry "AUT"]
[WhiteTeam "Ranshofen"]
[BlackTeam "Goetzis 2"]

1. d4 g6 2. Nf3 Bg7 3. b3 d6 4. Bb2 c5 5. e3 Nc6 6. Be2 e6 7. O-O Nge7 8. c3 b6
9. Nbd2 O-O 10. dxc5 bxc5 11. Ne4 Nd5 12. Qc2 f5 13. Ned2 Qf6 14. Rac1 g5 15.
Ba1 Qh6 16. c4 Nf6 17. Rfd1 Bb7 18. Nf1 Rad8 19. a3 Rf7 20. Rb1 a5 21. Ne1 g4
22. Ng3 Qg5 23. Qc1 h5 24. f4 Qg6 25. Nf1 h4 26. Nd3 Ne4 27. Nd2 Bxa1 28. Rxa1
Nxd2 29. Rxd2 h3 30. g3 Rfd7 31. Qb2 e5 32. Rad1 e4 33. Nxc5 Rc7 34. Nxb7 Rxb7
35. c5 Qf7 36. Rxd6 Rxd6 37. cxd6 Rxb3 38. Qc1 Qb7 39. Bc4+ 1-0

[Event "2. Bundesliga West 2016/17"]
[Site "Maeder"]
[Date "2016.11.26"]
[Round "5"]
[Board "5"]
[White "Kranz, Armin"]
[Black "Kuecher, Wolfgang"]
[Result "1-0"]
[WhiteElo "2071"]
[BlackElo "2122"]
[PlyCount "97"]
[EventDate "2016.10.28"]
[EventType "team"]
[EventRounds "11"]
[EventCountry "AUT"]
[WhiteTeam "Goetzis 2"]
[BlackTeam "Ranshofen"]

1. d4 Nf6 2. c4 c5 3. d5 b5 4. Qc2 Na6 5. a3 bxc4 6. e4 Nc7 7. Bxc4 d6 8. Nf3
g6 9. O-O Bg7 10. h3 O-O 11. Nc3 Ba6 12. Bxa6 Nxa6 13. Bf4 Nd7 14. Rfe1 Rb8 15.
Rad1 Qc7 16. Qe2 Qb6 17. Rd2 f6 18. Be3 Qa5 19. Rc2 Nc7 20. Nd2 Nb5 21. b4 Nxc3
22. Rxc3 cxb4 23. axb4 Rxb4 24. Nb3 Qb5 25. Qxb5 Rxb5 26. Nd4 Rb7 27. Ra3 Nc5
28. f3 f5 29. Nc6 fxe4 30. fxe4 Ra8 31. e5 Bf8 32. Rea1 Nd7 33. e6 Nf6 34. Ra5
a6 35. Bd4 Rc8 36. Bxf6 exf6 37. Rxa6 Kg7 38. Ra8 Rbc7 39. Rxc8 Rxc8 40. e7
Bxe7 41. Nxe7 Rc5 42. Rd1 f5 43. Rd2 Kf6 44. Nc6 f4 45. Kf2 Kf5 46. Nd4+ Ke4
47. Ne6 Rc8 48. Ng5+ Kf5 49. Nf7 1-0

[Event "2. Bundesliga West 2016/17"]
[Site "Maeder"]
[Date "2016.11.26"]
[Round "5"]
[Board "6"]
[White "Schwarzmeier, Klaus"]
[Black "Ferk, Martin"]
[Result "1-0"]
[WhiteElo "2138"]
[BlackElo "1915"]
[PlyCount "101"]
[EventDate "2016.10.28"]
[EventType "team"]
[EventRounds "11"]
[EventCountry "AUT"]
[WhiteTeam "Ranshofen"]
[BlackTeam "Goetzis 2"]

1. c4 Nf6 2. g3 e6 3. Nf3 d5 4. Bg2 Be7 5. O-O O-O 6. b3 c5 7. cxd5 exd5 8. d4
Nc6 9. Bb2 Ne4 10. Nc3 Nxc3 11. Bxc3 Bf5 12. Rc1 b6 13. Qd2 Be4 14. e3 Rc8 15.
Rfd1 a5 16. Qb2 f6 17. Ne1 Bxg2 18. Nxg2 cxd4 19. Bxd4 Nxd4 20. exd4 Qd7 21.
Nf4 g5 22. Ne2 Qf5 23. Rxc8 Rxc8 24. Rc1 Rxc1+ 25. Qxc1 Qd3 26. Qe3 Qxe3 27.
fxe3 Bb4 28. g4 Kf7 29. Kf2 Ke6 30. h3 Kd6 31. Kf3 Ke6 32. e4 Bd2 33. Ng3 Bf4
34. Nf5 dxe4+ 35. Kxe4 Bc7 36. d5+ Kd7 37. Kd4 Be5+ 38. Kc4 Bh2 39. Kb5 Bg1 40.
Kc4 Bc5 41. Ng3 Bd6 42. Ne4 Be5 43. Kb5 Bd4 44. Ka6 Kc7 45. Kb5 Kd7 46. a4 Kc7
47. d6+ Kd7 48. Kc4 Bb2 49. Kd5 Be5 50. Nxg5 Bxd6 51. Nxh7 1-0

[Event "2. Bundesliga West 2016/17"]
[Site "Maeder"]
[Date "2016.11.26"]
[Round "5"]
[Board "2"]
[White "Lehner, Oliver"]
[Black "Besner, Bernhard"]
[Result "1/2-1/2"]
[WhiteElo "2407"]
[BlackElo "2141"]
[PlyCount "60"]
[EventDate "2016.10.28"]
[EventType "team"]
[EventRounds "11"]
[EventCountry "AUT"]
[WhiteTeam "Jenbach 2"]
[BlackTeam "ASK Salzburg"]

1. d4 d5 2. Nf3 c5 3. c4 e6 4. cxd5 exd5 5. g3 Nc6 6. Bg2 Nf6 7. O-O c4 8. Nc3
Be7 9. Ne5 O-O 10. Nxc6 bxc6 11. e4 Be6 12. e5 Nd7 13. Qc2 f6 14. exf6 Nxf6 15.
b3 cxb3 16. axb3 Qd7 17. Ba3 Bf5 18. Qc1 Rae8 19. Re1 Bxa3 20. Rxa3 Rxe1+ 21.
Qxe1 Re8 22. Qd2 Ne4 23. Nxe4 Bxe4 24. f3 Bg6 25. b4 Qe7 26. Kf2 Rb8 27. Ra4
Be8 28. Qe3 Qxe3+ 29. Kxe3 Rb7 30. Ra6 Kf8 1/2-1/2

[Event "2. Bundesliga West 2016/17"]
[Site "Maeder"]
[Date "2016.11.26"]
[Round "5"]
[Board "3"]
[White "Frank, Emanuel"]
[Black "Micheli, Carlo"]
[Result "0-1"]
[WhiteElo "2189"]
[BlackElo "2242"]
[PlyCount "108"]
[EventDate "2016.10.28"]
[EventType "team"]
[EventRounds "11"]
[EventCountry "AUT"]
[WhiteTeam "ASK Salzburg"]
[BlackTeam "Jenbach 2"]

1. d4 c5 2. d5 g6 3. c4 Bg7 4. Nc3 d6 5. e4 Na6 6. h3 Nc7 7. Nf3 e5 8. g4 Nf6
9. Bd3 a6 10. a4 b6 11. Be3 Rb8 12. Nd2 O-O 13. Qe2 Bd7 14. f3 Qc8 15. h4 h5
16. g5 Nfe8 17. Kd1 Qb7 18. Kc2 Kh7 19. Rhf1 f6 20. gxf6 Nxf6 21. Rg1 Qc8 22.
Rg3 Rg8 23. Rag1 Bh8 24. Ndb1 b5 25. axb5 axb5 26. cxb5 c4 27. Bxc4 Nxb5 28.
Nxb5 Bxb5 29. b3 Bxc4 30. Qxc4 Qb7 31. Kd1 Qxb3+ 32. Qxb3 Rxb3 33. Ke2 Nd7 34.
Nd2 Rb4 35. Rc1 Bf6 36. Bg5 Bxg5 37. Rxg5 Nc5 38. Nc4 Nb3 39. Rc3 Nd4+ 40. Ke3
Nb5 41. Rc1 Rc8 42. Rgg1 Rb3+ 43. Ke2 Nd4+ 44. Kf2 Rf8 45. Nd2 Rd3 46. Rgd1 Rf4
47. Kg2 Ne2 48. Rc7+ Kh6 49. Kf1 Nc3 50. Ra1 Nb5 51. Rb7 Rxd2 52. Rxb5 Rxf3+
53. Kg1 Rg3+ 54. Kf1 Rh3 0-1

[Event "2. Bundesliga West 2016/17"]
[Site "Maeder"]
[Date "2016.11.26"]
[Round "5"]
[Board "4"]
[White "Hoellrigl, Wilfried"]
[Black "Roth, Peter"]
[Result "1-0"]
[WhiteElo "2151"]
[BlackElo "2128"]
[PlyCount "47"]
[EventDate "2016.10.28"]
[EventType "team"]
[EventRounds "11"]
[EventCountry "AUT"]
[WhiteTeam "Jenbach 2"]
[BlackTeam "ASK Salzburg"]

1. e4 e6 2. d4 d5 3. e5 c5 4. c3 Nc6 5. Nf3 Qb6 6. a3 c4 7. Nbd2 Na5 8. Be2 Bd7
9. O-O Be7 10. Rb1 O-O-O 11. Qc2 f5 12. b3 cxb3 13. Nxb3 Ba4 14. Nfd2 Kb8 15.
Qa2 Nxb3 16. Nxb3 Qc7 17. Be3 Ka8 18. Rfc1 b5 19. Nd2 a6 20. c4 bxc4 21. Nxc4
dxc4 22. Rxc4 Bc6 23. Qc2 Be4 24. Rxc7 1-0

[Event "2. Bundesliga West 2016/17"]
[Site "Maeder"]
[Date "2016.11.26"]
[Round "5"]
[Board "5"]
[White "Juergens, Klaus"]
[Black "Czoeppan, Thomas"]
[Result "1/2-1/2"]
[WhiteElo "2125"]
[BlackElo "2098"]
[PlyCount "104"]
[EventDate "2016.10.28"]
[EventType "team"]
[EventRounds "11"]
[EventCountry "AUT"]
[WhiteTeam "ASK Salzburg"]
[BlackTeam "Jenbach 2"]

1. Nf3 Nf6 2. c4 e6 3. g3 d5 4. Bg2 Be7 5. O-O O-O 6. b3 c5 7. Bb2 Nc6 8. e3 b6
9. Nc3 Bb7 10. cxd5 Nxd5 11. Nxd5 exd5 12. d4 Rc8 13. Qd2 Qd7 14. Rfd1 Rfd8 15.
Rac1 Nb4 16. Bc3 Nc6 17. Qb2 Bf8 18. Rd2 cxd4 19. Nxd4 Nxd4 20. Bxd4 Rxc1+ 21.
Qxc1 Rc8 22. Rc2 Rxc2 23. Qxc2 Qc6 24. Qb2 f6 25. h4 Bc8 26. Qd2 Bb7 27. Bb2
Qe6 28. Qd3 g6 29. Qc3 Kf7 30. g4 Qc6 31. Qd4 Bc5 32. Qf4 Qd6 33. Qh6 Kg8 34.
g5 Qd7 35. gxf6 Bf8 36. Qf4 Qf5 37. Qxf5 gxf5 38. Bh3 Bc8 39. Be5 Kf7 40. Kf1
Ke6 41. Bc3 Bd6 42. f3 Kf7 43. Ke2 Be6 44. f4 a5 45. Bg2 Ke8 46. Kd3 Bc5 47. a3
Bxa3 48. Kd4 Bc5+ 49. Ke5 Kd7 50. Bf1 Bd6+ 51. Kd4 Bc5+ 52. Ke5 Bd6+ 1/2-1/2

[Event "2. Bundesliga West 2016/17"]
[Site "Maeder"]
[Date "2016.11.26"]
[Round "5"]
[Board "6"]
[White "Stangl, Anita"]
[Black "Herrmann, Michael"]
[Result "1/2-1/2"]
[WhiteElo "2071"]
[BlackElo "2078"]
[PlyCount "62"]
[EventDate "2016.10.28"]
[EventType "team"]
[EventRounds "11"]
[EventCountry "AUT"]
[WhiteTeam "Jenbach 2"]
[BlackTeam "ASK Salzburg"]

1. e4 c6 2. d4 d5 3. e5 Bf5 4. g4 Bd7 5. f4 e6 6. Nf3 c5 7. Be3 cxd4 8. Bxd4
Nc6 9. Bf2 Qa5+ 10. Qd2 Bc5 11. c3 Bxf2+ 12. Qxf2 Qa4 13. Qd2 h5 14. g5 Nge7
15. Bd3 g6 16. Na3 Na5 17. Bc2 Qc6 18. Nd4 Qb6 19. Bd3 a6 20. b4 Nac6 21. Nb3
O-O 22. Nc5 Rfd8 23. Nc2 Be8 24. Be2 Nf5 25. Rd1 Nce7 26. Nb3 Bb5 27. Bxb5 Qxb5
28. Ncd4 Qc4 29. Qd3 Rac8 30. Nc5 Qxd3 31. Rxd3 Rc7 1/2-1/2

[Event "2. Bundesliga West 2016/17"]
[Site "Maeder"]
[Date "2016.11.26"]
[Round "5"]
[Board "1"]
[White "Mons, Leon"]
[Black "Imnadze, Nato"]
[Result "1/2-1/2"]
[WhiteElo "2461"]
[BlackElo "2261"]
[PlyCount "133"]
[EventDate "2016.10.28"]
[EventType "team"]
[EventRounds "11"]
[EventCountry "AUT"]
[WhiteTeam "SIR Bernhard 1"]
[BlackTeam "Pradl"]

1. Nf3 d5 2. c4 c6 3. g3 Nf6 4. Bg2 g6 5. b3 Bg7 6. Bb2 O-O 7. O-O Bf5 8. d3
Re8 9. Nbd2 h6 10. Qc2 Bg4 11. e4 dxe4 12. dxe4 Qa5 13. Bc3 Qh5 14. Qb2 Nbd7
15. Nh4 Nc5 16. e5 Nd3 17. Qc2 Nxe5 18. Rae1 Ned7 19. h3 Be2 20. Bf3 Bxf3 21.
Ndxf3 Qc5 22. Ne5 Nxe5 23. Bxe5 Rad8 24. Qc3 a5 25. Re2 Rd7 26. Rfe1 Red8 27.
Qf3 Rd3 28. Re3 Rxe3 29. Qxe3 Qxe3 30. Rxe3 Rd7 31. Bc3 b6 32. Nf3 c5 33. Kg2
h5 34. a3 Bh6 35. Re1 Rd3 36. Bxf6 exf6 37. Rb1 Rc3 38. Ne1 Bd2 39. Nf3 Bh6 40.
Ne1 Bd2 41. Nf3 Bc1 42. a4 g5 43. Ne1 g4 44. hxg4 hxg4 45. Kf1 f5 46. Ke2 f4
47. gxf4 Bxf4 48. Rb2 Bc1 49. Rc2 Rxc2+ 50. Nxc2 f5 51. Ne1 Kf7 52. Nd3 Bh6 53.
f3 gxf3+ 54. Kxf3 Ke6 55. Kg3 Bg5 56. Kf3 Kf6 57. Kg3 f4+ 58. Nxf4 Ke5 59. Nd5
Kd4 60. Kf3 Kd3 61. Nxb6 Kc3 62. Ke4 Bd8 63. Nd7 Kxb3 64. Nxc5+ Kxc4 65. Nb7
Kb4 66. Nxd8 Kxa4 67. Nc6 1/2-1/2

[Event "2. Bundesliga West 2016/17"]
[Site "Maeder"]
[Date "2016.11.26"]
[Round "5"]
[Board "2"]
[White "Eybl, Alexander"]
[Black "Pitl, Gregory"]
[Result "1/2-1/2"]
[WhiteElo "2277"]
[BlackElo "2397"]
[PlyCount "62"]
[EventDate "2016.10.28"]
[EventType "team"]
[EventRounds "11"]
[EventCountry "AUT"]
[WhiteTeam "Pradl"]
[BlackTeam "SIR Bernhard 1"]

1. d4 d5 2. Bf4 Nf6 3. e3 e6 4. Nd2 c5 5. c3 Bd6 6. Bg3 O-O 7. Bd3 Nc6 8. Ngf3
Re8 9. Ne5 Qc7 10. f4 Ne7 11. Bf2 b6 12. Qf3 Bb7 13. g4 Nd7 14. g5 Nf8 15. h4
a5 16. h5 Nf5 17. Qh3 Bxe5 18. fxe5 Qd7 19. Nf1 Ba6 20. Bxa6 Rxa6 21. Ng3 b5
22. O-O b4 23. e4 Nxg3 24. Qxg3 cxd4 25. Bxd4 Qe7 26. Rf2 Nd7 27. Raf1 Rf8 28.
Qf4 dxe4 29. h6 g6 30. Rg2 Rc6 31. Qxe4 Rc7 1/2-1/2

[Event "2. Bundesliga West 2016/17"]
[Site "Maeder"]
[Date "2016.11.26"]
[Round "5"]
[Board "3"]
[White "Hilverda, Alexander"]
[Black "Sucher, Johannes"]
[Result "1-0"]
[WhiteElo "2392"]
[BlackElo "2122"]
[PlyCount "111"]
[EventDate "2016.10.28"]
[EventType "team"]
[EventRounds "11"]
[EventCountry "AUT"]
[WhiteTeam "SIR Bernhard 1"]
[BlackTeam "Pradl"]

1. d4 d5 2. c4 e6 3. Nf3 Nf6 4. g3 c6 5. Bg2 Bd6 6. O-O O-O 7. Nc3 Nbd7 8. Nd2
Qe7 9. e4 dxe4 10. Ndxe4 Bc7 11. b3 Rd8 12. a4 Ba5 13. Ba3 Bb4 14. Bxb4 Qxb4
15. a5 Nxe4 16. Nxe4 f5 17. Ng5 Qe7 18. f4 Nf6 19. c5 h6 20. Nf3 a6 21. Re1 Bd7
22. Qc2 Qf8 23. Qb2 Ne8 24. Ne5 Nc7 25. Bf1 Be8 26. Bc4 Qf6 27. Rad1 Bh5 28.
Rd3 Kh7 29. b4 Re8 30. Bb3 Rad8 31. Nc4 Nb5 32. Re5 Re7 33. Ba4 Nc7 34. Qd2
Red7 35. Nb6 Re7 36. Qe1 g5 37. fxg5 hxg5 38. Nc4 Rd5 39. Nd6 Ne8 40. Bb3 Rxe5
41. Qxe5 Kg7 42. Re3 Qxe5 43. Rxe5 Kf6 44. Nc8 Rc7 45. Rxe6+ Kg7 46. Ne7 f4 47.
Nf5+ Kh8 48. Nd6 Nxd6 49. cxd6 Rh7 50. Bc2 Rd7 51. Rh6+ Kg8 52. Rxh5 Rxd6 53.
Rxg5+ Kh8 54. Rh5+ Kg8 55. d5 fxg3 56. hxg3 1-0

[Event "2. Bundesliga West 2016/17"]
[Site "Maeder"]
[Date "2016.11.26"]
[Round "5"]
[Board "4"]
[White "Matt, Stefan"]
[Black "Durakovic, Alman"]
[Result "1/2-1/2"]
[WhiteElo "2122"]
[BlackElo "2280"]
[PlyCount "55"]
[EventDate "2016.10.28"]
[EventType "team"]
[EventRounds "11"]
[EventCountry "AUT"]
[WhiteTeam "Pradl"]
[BlackTeam "SIR Bernhard 1"]

1. e4 c5 2. Nc3 e6 3. g3 Nc6 4. Bg2 g6 5. d3 Bg7 6. Be3 Nd4 7. Nge2 Ne7 8. O-O
O-O 9. Qd2 d6 10. Nd1 Nec6 11. c3 Nxe2+ 12. Qxe2 b6 13. Qd2 Ba6 14. f4 d5 15.
f5 Ne5 16. exd5 Bxd3 17. dxe6 fxe6 18. Bg5 Bf6 19. Bxf6 Qxf6 20. Re1 Bxf5 21.
Bxa8 Rxa8 22. Qg2 Rd8 23. Ne3 Rd2 24. Qa8+ Rd8 25. Qg2 Rd2 26. Qa8+ Rd8 27. Qg2
Rd2 28. Qa8+ 1/2-1/2

[Event "2. Bundesliga West 2016/17"]
[Site "Maeder"]
[Date "2016.11.26"]
[Round "5"]
[Board "5"]
[White "Grimberg, Boris"]
[Black "Lins, Philipp"]
[Result "1-0"]
[WhiteElo "2339"]
[BlackElo "2131"]
[PlyCount "55"]
[EventDate "2016.10.28"]
[EventType "team"]
[EventRounds "11"]
[EventCountry "AUT"]
[WhiteTeam "SIR Bernhard 1"]
[BlackTeam "Pradl"]

1. e4 d6 2. d4 Nf6 3. Nc3 c6 4. g3 Nbd7 5. Bg2 e5 6. Nge2 Be7 7. O-O O-O 8. a4
a5 9. h3 Re8 10. Be3 Bf8 11. g4 h6 12. Qd2 Nb6 13. b3 Qc7 14. Rad1 Nfd7 15. Ng3
exd4 16. Bxd4 Nc5 17. Nh5 Ne6 18. Be3 Nd7 19. f4 Nec5 20. f5 Ne5 21. Bxh6 gxh6
22. Nf6+ Kh8 23. Nxe8 Qe7 24. Nxd6 f6 25. Ne2 b6 26. Nxc8 Rxc8 27. Nf4 Qf7 28.
Qc3 1-0

[Event "2. Bundesliga West 2016/17"]
[Site "Maeder"]
[Date "2016.11.26"]
[Round "5"]
[Board "6"]
[White "Praxmarer, Christian"]
[Black "Wieneroiter, Gerald"]
[Result "0-1"]
[WhiteElo "1956"]
[BlackElo "2120"]
[PlyCount "83"]
[EventDate "2016.10.28"]
[EventType "team"]
[EventRounds "11"]
[EventCountry "AUT"]
[WhiteTeam "Pradl"]
[BlackTeam "SIR Bernhard 1"]

1. f4 d5 2. Nf3 Nf6 3. g3 e6 4. Bg2 Be7 5. O-O c5 6. d3 Nc6 7. Qe1 O-O 8. e4 b5
9. e5 Nd7 10. g4 Nb6 11. Nc3 b4 12. Ne2 f6 13. Ng3 fxe5 14. Nxe5 Nxe5 15. Qxe5
Bd6 16. Qh5 Qf6 17. Rb1 Bd7 18. Bd2 a5 19. Ne2 Rac8 20. c4 dxc4 21. Be4 g6 22.
Qh3 Be7 23. f5 gxf5 24. Bh6 Rf7 25. gxf5 Qh4 26. Qxh4 Bxh4 27. fxe6 Bxe6 28.
Rxf7 Bxf7 29. Ng3 Bxg3 30. hxg3 cxd3 31. Bxd3 c4 32. Bf5 Rc6 33. Be3 Bg6 34.
Rf1 Bxf5 35. Rxf5 Na4 36. Bd4 c3 37. bxc3 bxc3 38. Be3 c2 39. Rf1 Nc3 40. Kf2
Rf6+ 41. Bf4 Nxa2 42. Ke2 0-1

[Event "2. Bundesliga West 2016/17"]
[Site "Maeder"]
[Date "2016.11.27"]
[Round "6"]
[Board "2"]
[White "Koepke, Christian"]
[Black "Spornberger, Maximilian"]
[Result "1-0"]
[WhiteElo "2305"]
[BlackElo "2300"]
[PlyCount "87"]
[EventDate "2016.10.28"]
[EventType "team"]
[EventRounds "11"]
[EventCountry "AUT"]
[WhiteTeam "Kufstein/Woergl"]
[BlackTeam "Rochade Rum"]

1. d4 Nf6 2. Bg5 g6 3. Bxf6 exf6 4. g3 Bg7 5. Bg2 O-O 6. e3 f5 7. Ne2 d6 8. O-O
Nd7 9. c4 Nf6 10. Nbc3 Re8 11. Qc2 c6 12. b4 Qe7 13. Rab1 f4 14. Nxf4 Bf5 15.
Nd3 h5 16. Rbe1 h4 17. e4 Bd7 18. e5 dxe5 19. Rxe5 Qd6 20. c5 Qc7 21. Rxe8+
Rxe8 22. d5 cxd5 23. Nxd5 Nxd5 24. Bxd5 Bf5 25. Qc4 Re2 26. Rd1 hxg3 27. hxg3
a6 28. a4 Qe7 29. Qf4 Kh7 30. Kg2 Qd7 31. Bf3 Re8 32. Ne5 Qe7 33. Ng4 Bxg4 34.
Qxg4 f5 35. Rh1+ Bh6 36. Qf4 Qg7 37. Rxh6+ Qxh6 38. Qxh6+ Kxh6 39. Bxb7 Re7 40.
Bxa6 g5 41. c6 g4 42. Bc8 Kg5 43. Bd7 f4 44. gxf4+ 1-0

[Event "2. Bundesliga West 2016/17"]
[Site "Maeder"]
[Date "2016.11.27"]
[Round "6"]
[Board "3"]
[White "Spornberger, Andre"]
[Black "Levushkina, Elena"]
[Result "1-0"]
[WhiteElo "2288"]
[BlackElo "2342"]
[PlyCount "145"]
[EventDate "2016.10.28"]
[EventType "team"]
[EventRounds "11"]
[EventCountry "AUT"]
[WhiteTeam "Rochade Rum"]
[BlackTeam "Kufstein/Woergl"]

1. d4 d5 2. Bf4 Nf6 3. e3 c5 4. c3 Nc6 5. Nf3 Qb6 6. Qb3 c4 7. Qxb6 axb6 8. Na3
Bf5 9. Nh4 Bd7 10. Bc7 Ra6 11. Be2 Ne4 12. Nc2 g5 13. Nf3 Bf5 14. Bd1 b5 15. a3
Kd7 16. Bg3 h5 17. h3 Nxg3 18. fxg3 Bh6 19. Kf2 Bg6 20. g4 hxg4 21. hxg4 f6 22.
Ng1 Bg7 23. Rxh8 Bxh8 24. Ne2 e6 25. Ng3 Ra8 26. Rc1 Rf8 27. Ne1 Ne7 28. Nf3
Ng8 29. Bc2 Bxc2 30. Rxc2 Nh6 31. Nh2 f5 32. gxf5 exf5 33. Nh5 Ke6 34. Re2 Nf7
35. g4 Nd6 36. gxf5+ Nxf5 37. Kg2 Nd6 38. Ng3 Bf6 39. e4 dxe4 40. Nxe4 Nxe4 41.
Rxe4+ Kf5 42. Re2 Rh8 43. Rf2+ Kg6 44. Ng4 Bg7 45. Ne3 Rd8 46. Kg3 Bf8 47. Kg4
Re8 48. Nd5 Re4+ 49. Kh3 Bg7 50. Nc7 Bf6 51. Nxb5 g4+ 52. Kg3 Kg5 53. Nd6 Re3+
54. Kg2 Re6 55. Nxc4 b5 56. d5 Re1 57. Nd6 Be7 58. Nf7+ Kh4 59. d6 Bg5 60. Nxg5
Kxg5 61. Rd2 Re8 62. d7 Rd8 63. Kg3 Kf5 64. b3 Ke6 65. Kxg4 Ke7 66. Kf5 Rf8+
67. Ke5 Kd8 68. Rd3 Rf1 69. Kd6 Rf6+ 70. Kc5 Rf5+ 71. Kc6 Rh5 72. c4 bxc4 73.
bxc4 1-0

[Event "2. Bundesliga West 2016/17"]
[Site "Maeder"]
[Date "2016.11.27"]
[Round "6"]
[Board "4"]
[White "Neuschmied, Siegfried"]
[Black "Moroder, Stefan"]
[Result "0-1"]
[WhiteElo "2153"]
[BlackElo "2206"]
[PlyCount "120"]
[EventDate "2016.10.28"]
[EventType "team"]
[EventRounds "11"]
[EventCountry "AUT"]
[WhiteTeam "Kufstein/Woergl"]
[BlackTeam "Rochade Rum"]

1. e4 c5 2. c3 Nf6 3. d3 Nc6 4. Nf3 d5 5. e5 Nd7 6. d4 e6 7. Be2 f6 8. exf6
Nxf6 9. O-O cxd4 10. cxd4 Bd6 11. Nc3 O-O 12. Bg5 Qb6 13. a3 a6 14. h3 Nh5 15.
Na4 Qc7 16. Rc1 Nf4 17. Rc3 Bd7 18. Bxf4 Rxf4 19. Nc5 Raf8 20. b4 Bc8 21. Qd3
Qe7 22. Bd1 Qf6 23. Nb3 Bd7 24. Bc2 Qh6 25. Qe3 Qh5 26. Bd1 Re4 27. Qd3 Qh6 28.
Re1 Rxe1+ 29. Nxe1 Qf4 30. Nf3 Qf6 31. Bc2 g6 32. Bd1 Rf7 33. Qe2 Kg7 34. Rc1
Re7 35. Qd2 Bf4 36. Qc3 Bxc1 37. Nxc1 e5 38. dxe5 Nxe5 39. Qd2 Nxf3+ 40. Bxf3
Bc6 41. Ne2 Qa1+ 42. Kh2 Qe5+ 43. g3 d4 44. Nxd4 Bxf3 45. Nxf3 Qf6 46. Kg2 Rf7
47. Qe3 Qc6 48. h4 Qd5 49. Qc3+ Kg8 50. Qe3 h6 51. g4 Kh7 52. Kg3 Qd6+ 53. Ne5
Re7 54. f4 g5 55. hxg5 hxg5 56. Qe4+ Kg7 57. Qf5 gxf4+ 58. Kxf4 Qd4+ 59. Qe4
Qf2+ 60. Qf3 Qh2+ 0-1

[Event "2. Bundesliga West 2016/17"]
[Site "Maeder"]
[Date "2016.11.27"]
[Round "6"]
[Board "5"]
[White "Hengl, Christian"]
[Black "Atzl, Florian"]
[Result "1/2-1/2"]
[WhiteElo "2226"]
[BlackElo "1996"]
[PlyCount "74"]
[EventDate "2016.10.28"]
[EventType "team"]
[EventRounds "11"]
[EventCountry "AUT"]
[WhiteTeam "Rochade Rum"]
[BlackTeam "Kufstein/Woergl"]

1. c4 c5 2. Nf3 Nf6 3. Nc3 Nc6 4. e3 g6 5. b3 Bg7 6. Bb2 O-O 7. d4 cxd4 8. exd4
d5 9. c5 Bf5 10. a3 Re8 11. Bb5 e5 12. Bxc6 exd4+ 13. Bxe8 Qxe8+ 14. Ne2 d3 15.
Nfd4 dxe2 16. Qxe2 Qxe2+ 17. Nxe2 Re8 18. Rd1 Bc2 19. Rd2 Bxb3 20. Rd3 Bc4 21.
Re3 Bh6 22. Rxe8+ Nxe8 23. Be5 Bf8 24. Bd4 Nc7 25. a4 Ne6 26. c6 bxc6 27. Bxa7
Bb4+ 28. Kd1 Bb3+ 29. Kc1 Bxa4 30. Kb2 Bb5 31. Nd4 Nxd4 32. Bxd4 c5 33. Bf6 d4
34. Rc1 Kf8 35. Kb3 Bc3 36. Rxc3 dxc3 37. Kxc3 Bf1 1/2-1/2

[Event "2. Bundesliga West 2016/17"]
[Site "Maeder"]
[Date "2016.11.27"]
[Round "6"]
[Board "6"]
[White "Kranewitter, Norbert"]
[Black "Jedinger, Andreas"]
[Result "1/2-1/2"]
[WhiteElo "2006"]
[BlackElo "2120"]
[PlyCount "106"]
[EventDate "2016.10.28"]
[EventType "team"]
[EventRounds "11"]
[EventCountry "AUT"]
[WhiteTeam "Kufstein/Woergl"]
[BlackTeam "Rochade Rum"]

1. e4 e5 2. Nf3 Nc6 3. Bb5 g6 4. d3 Bg7 5. c3 Nge7 6. O-O O-O 7. Re1 d6 8. h3
a6 9. Ba4 h6 10. Nbd2 Kh7 11. Nf1 f5 12. Bc2 f4 13. d4 Qe8 14. d5 Nd8 15. c4
Nf7 16. N3h2 h5 17. b4 Nh6 18. f3 Rg8 19. a4 g5 20. Ra3 Bf8 21. Rc3 Rg7 22. c5
Neg8 23. Ba3 Nf6 24. Qd3 Qg6 25. Rd1 g4 26. fxg4 hxg4 27. hxg4 Nhxg4 28. Rd2
Kg8 29. b5 axb5 30. axb5 Rh7 31. Bd1 Nxh2 32. Nxh2 Qxe4 33. b6 Qe1+ 34. Nf1 Ne4
35. Bc2 Bf5 36. Bb4 Ng3 37. Qxg3+ fxg3 38. Rxg3+ Rg7 39. Rxg7+ Kxg7 40. Bxf5
dxc5 41. bxc7 cxb4 42. d6 Ra1 43. Rf2 Rc1 44. d7 Bc5 45. d8=Q Qxf2+ 46. Kh2
Qf4+ 47. Ng3 Bg1+ 48. Kh3 Qh6+ 49. Kg4 Rc4+ 50. Be4 Qf4+ 51. Kh3 Qh6+ 52. Kg4
Qf4+ 53. Kh3 Qh6+ 1/2-1/2

[Event "2. Bundesliga West 2016/17"]
[Site "Maeder"]
[Date "2016.11.27"]
[Round "6"]
[Board "1"]
[White "Votava, Jan"]
[Black "Dovzik, Juri"]
[Result "1-0"]
[WhiteElo "2522"]
[BlackElo "2284"]
[PlyCount "64"]
[EventDate "2016.10.28"]
[EventType "team"]
[EventRounds "11"]
[EventCountry "AUT"]
[WhiteTeam "Zillertal"]
[BlackTeam "Ranshofen"]

1. c4 c6 2. Nf3 d5 3. b3 Nf6 4. Bb2 Nbd7 5. g3 g6 6. Bg2 Bg7 7. O-O O-O 8. Qc2
Re8 9. cxd5 cxd5 10. Nc3 Nb6 11. d4 Bf5 12. Qd2 Ne4 13. Qe3 Nxc3 14. Bxc3 Rc8
15. Rac1 Qd6 16. Qd2 Be4 17. Bh3 Bf5 18. Bxf5 gxf5 19. Bb4 Qe6 20. Nh4 Qd7 21.
e3 Rxc1 22. Rxc1 Rc8 23. Bc5 Na8 24. Bxe7 Rxc1+ 25. Qxc1 Qxe7 26. Qc8+ Qf8 27.
Qxb7 f4 28. gxf4 Nb6 29. Nf5 Bf6 30. Qxa7 Nc8 31. Qa6 Qd8 32. a4 Be7 1-0

[Event "2. Bundesliga West 2016/17"]
[Site "Maeder"]
[Date "2016.11.27"]
[Round "6"]
[Board "2"]
[White "Knechtel, Roland"]
[Black "Lanka, Zigurds"]
[Result "1/2-1/2"]
[WhiteElo "2266"]
[BlackElo "2445"]
[PlyCount "87"]
[EventDate "2016.10.28"]
[EventType "team"]
[EventRounds "11"]
[EventCountry "AUT"]
[WhiteTeam "Ranshofen"]
[BlackTeam "Zillertal"]

1. d4 Nf6 2. Nf3 g6 3. c4 Bg7 4. Nc3 O-O 5. Bg5 d6 6. e3 h6 7. Bh4 c5 8. Be2
Bf5 9. Qb3 Nbd7 10. Rd1 Qa5 11. O-O g5 12. Bg3 Qb4 13. Qxb4 cxb4 14. Nb1 Bc2
15. Rc1 Bg6 16. h3 Ne4 17. Bh2 f5 18. Nbd2 e5 19. Nxe4 fxe4 20. Nd2 exd4 21.
Bxd6 dxe3 22. fxe3 Rxf1+ 23. Rxf1 Bxb2 24. Bxb4 b6 25. Bg4 Nf6 26. Bf5 Kg7 27.
Be7 Re8 28. Bxf6+ Bxf6 29. Bxg6 Kxg6 30. Rc1 Be7 31. Kf2 Bb4 32. Nb3 Rc8 33.
Ke2 Ba3 34. Rc2 a6 35. Kd1 h5 36. Nd4 g4 37. hxg4 hxg4 38. Kd2 Bb4+ 39. Kc1 Rf8
40. Re2 Rf1+ 41. Kc2 Bd6 42. Nb3 Bb4 43. Nd4 Bd6 44. Nb3 1/2-1/2